Statističeskije vyvody i sviazy /

Salvato in:
Dettagli Bibliografici
Autori principali: Kendall, Maurice G (Autore), Stuart, Alan (Autore)
Altri autori: Gaľčuk, L.I (Traduttore)
Natura: Libro
Lingua:russo
Pubblicazione: Moskva : Nauka, 1973
Tags: Aggiungi Tag
Nessun Tag, puoi essere il primo ad aggiungerne!!

MARC

LEADER 00000nam a22000003a 4500
001 stu37680
005 20150617225729.0
008 920819s1973----xxr-----------------rus-d
040 |a STU  |b slo 
041 0 |a rus 
044 |a xxr 
100 1 |a Kendall, Maurice G  |4 aut 
245 1 |a Statističeskije vyvody i sviazy /  |c [aut.]Maurice G. Kendall, Alan Stuart; Z angl. L.I. Gaľčuk 
260 |a Moskva :  |b Nauka,  |c 1973 
300 |a 899 s 
700 1 |a Stuart, Alan  |4 aut 
700 1 |a Gaľčuk, L.I  |4 trl 
996 |b 284M012518  |c M*5733-1  |l MMKN  |s A  |a 24  |w stu37680_0001